| 000 | 01721cam a2200361 a 4500 | ||
|---|---|---|---|
| 999 |
_c3787 _d3787 |
||
| 001 | 2579737 | ||
| 003 | Nust | ||
| 005 | 20180117090013.0 | ||
| 008 | 960701s1997 caua b 001 0 eng | ||
| 010 | _a 96025321 | ||
| 020 | _a0787903221 (acidfree paper) | ||
| 040 |
_aDLC _cDLC _dDLC |
||
| 043 | _an-us--- | ||
| 050 | 0 | 0 |
_aHD9696.S44 _bN386 1997 |
| 082 | 0 | 0 |
_a338.7/6213815/0973 _220 |
| 100 | 1 | _aMiles, Robert H. | |
| 245 | 1 | 0 |
_aCorporate comeback : _bthe story of renewal and transformation at National Semiconductor / _cRobert H. Miles ; foreword by Gil Amelio. |
| 250 | _a1st ed. | ||
| 260 |
_aSan Francisco : _bJossey-Bass, _cc1997. |
||
| 300 |
_axxvi, 388 p. : _bill. ; _c24 cm. |
||
| 440 | 4 | _aThe Jossey-Bass business & management series | |
| 504 | _aIncludes bibliographical references (p. 363-371) and index. | ||
| 610 | 2 | 0 |
_aNational Semiconductor Corporation _xManagement. |
| 650 | 0 |
_aSemiconductor industry _zUnited States _xManagement. |
|
| 650 | 0 |
_aCorporate turnarounds _zUnited States _xCase studies. |
|
| 856 | 4 |
_3Table of Contents _uhttp://lcweb.loc.gov/catdir/toc/96025321.html |
|
| 856 | 4 | 2 |
_3Publisher description _uhttp://www.loc.gov/catdir/enhancements/fy0706/96025321-d.html |
| 906 |
_a7 _bcbc _corignew _d1 _eocip _f19 _gy-gencatlg |
||
| 942 |
_2ddc _cBK |
||